Building an area of freedom, security and justice in the European Union after the adoption of the Lisbon Treaty
Európska únia a význam Lisabonskej dohody. Nová legislatívna štruktúra. Nové ciele. Bezpečnosť a právo v Európskej únii po Lisabonskej dohode.
Saved in:
| Main Author: | |
|---|---|
| Format: | Book Chapter |
| Language: | English |
| Subjects: | |
| Tags: |
No Tags, Be the first to tag this record!
|
MARC
| LEADER | 00000naa$a2200000$$$4500 | ||
|---|---|---|---|
| 001 | 0151718 | ||
| 005 | 20240502083345.8 | ||
| 041 | 0 | |a eng | |
| 044 | |a RU | ||
| 245 | 1 | 0 | |a Building an area of freedom, security and justice in the European Union after the adoption of the Lisbon Treaty |c Lucia Hurná |
| 520 | |a Európska únia a význam Lisabonskej dohody. Nová legislatívna štruktúra. Nové ciele. Bezpečnosť a právo v Európskej únii po Lisabonskej dohode. | ||
| 610 | 2 | 0 | |a Európska únia |
| 610 | 2 | 0 | |a sloboda |
| 610 | 2 | 0 | |a bezpečnosť |
| 610 | 2 | 0 | |a právo |
| 610 | 2 | 0 | |a lisabonská zmluva |
| 100 | 1 | |a Hurná, Lucia, 1978- | |